Las compañías convenientes y otros fingimientos y cegueras / (Record no. 42389)

MARC details
000 -LEADER
campo de control de longitud fija 00634nam a2200217 i 4500
001 - NÚMERO DE CONTROL
campo de control 42389
003 - IDENTIFICADOR DE NÚMERO DE CONTROL
campo de control ES-MaACL
005 - FECHA Y HORA DE LA ÚLTIMA TRANSACCIÓN
campo de control 20250911062638.0
007 - CAMPO FIJO DE DESCRIPCIÓN FÍSICA--INFORMACIÓN GENERAL
campo de control de longitud fija t|
008 - DATOS DE LONGITUD FIJA--INFORMACIÓN GENERAL
campo de control de longitud fija 030313s1963 sp ||||1| spa d
080 ## - NÚMERO DE LA CLASIFICACIÓN DECIMAL UNIVERSAL
Número de la Clasificación Decimal Universal 821.134.2-34"19"
100 1# - ENTRADA PRINCIPAL--NOMBRE DE PERSONA
Nombre de persona Cela, Camilo José,
Fechas asociadas al nombre 1916-2002
9 (RLIN) 37336
245 14 - MENCIÓN DEL TÍTULO
Título Las compañías convenientes y otros fingimientos y cegueras /
Mención de responsabilidad, etc. Camilo José Cela.
250 ## - MENCION DE EDICION
Mención de edición 1ª ed.
260 ## - PUBLICACIÓN, DISTRIBUCIÓN, ETC.
Lugar de publicación, distribución, etc. Barcelona :
Nombre del editor, distribuidor, etc. Destino,
Fecha de publicación, distribución, etc. 1963.
300 ## - DESCRIPCIÓN FÍSICA
Extensión 287 p. ;
Dimensiones 18 cm.
490 1# - MENCIÓN DE SERIE
Mención de serie Áncora y delfín ;
Designación de volumen o secuencia 241
830 10 - PUNTO DE ACCESO ADICIONAL DE SERIE-TÍTULO UNIFORME
Título uniforme Áncora y Delfín
Designación de volumen o secuencia 241
9 (RLIN) 151298
852 4# - LOCALIZACIÓN
Ubicación ES-MaACL
Número de control de estantería C-24567
Holdings
Estatus retirado Estado de pérdida Estado de daño No para préstamo Biblioteca de origen Biblioteca actual Ubicación en estantería Fecha de adquisición Fuente de adquisición Total de préstamos Signatura topográfica completa Código de barras Visto por última vez Precio de reemplazo Tipo de ítem Koha
        Biblioteca del Ateneo de Madrid Biblioteca del Ateneo de Madrid Depósito 2 17/01/2008     C-24567 1044606 23/02/2023 23/02/2023 Libro impreso